[Event "JUG-ch"]
[Site "Kladovo"]
[Date "1990.??.??"]
[Round "?"]
[White "Miljanic, Boro"]
[Black "Kosic, Dragan"]
[Result "1/2-1/2"]
[WhiteElo "2385"]
[BlackElo "2415"]

1.e4 c5 2.Nf3 d6 3.Bb5+ Nd7 4.d4 Nf6 5.e5 Qa5+ 6.Nc3 Ne4 7.Bd2 Nxc3 8.Bxd7+ Bxd7
9.Bxc3 Qa6 10.d5 e6 11.Ng5 Be7 12.dxe6 fxe6 13.exd6 Qxd6 14.Qh5+ g6 15.Qg4 O-O
16.Rd1 Qc7 17.Qh4 Bxg5 18.Qxg5 Bb5 19.h4 Rf5 20.Qe3 Qf4 21.Qxf4 Rxf4 22.f3 Rf5
23.Kf2 Bc6 24.Rd6 Re8 25.Ke3 Rd5 26.Rd1 Kf7 27.Be1 Rxd1 28.Rxd1 e5 29.c4 Ke6
30.Bc3 h5 31.Kf2 a6 32.a4 e4 33.fxe4 Bxe4 34.Ba5 Bc2 35.Rd5 Rc8 36.Bb6 Bxa4
37.Bxc5 b6 38.Rd6+ Ke5 39.Rd5+ Ke6 40.Rd6+ Ke5 41.Rd5+ Ke6  1/2-1/2

[Event "POL-ch (Women)"]
[Site "Konin"]
[Date "1990.??.??"]
[Round "15"]
[White "Sikora Gizynska, Bozena"]
[Black "Wierzbicka, Ewa"]
[Result "1/2-1/2"]
[WhiteElo "2230"]
[BlackElo "2030"]

1.e4 c5 2.Nf3 d6 3.Bb5+ Bd7 4.Bxd7+ Qxd7 5.O-O Nc6 6.d4 cxd4 7.Nxd4 Nf6 8.Nc3 e6
9.Re1 Be7 10.Nxc6 Qxc6 11.Qd3 O-O 12.Nb5 d5 13.e5 Ne4 14.Be3 a6 15.Nd4 Qc7
16.Bf4 Rac8 17.Re2 Qb6 18.c3 a5 19.a4 Rc7 20.Be3 Nc5 21.Qd1 Qa6 22.Nb5 Rcc8
23.Bd4 f5 24.f3 Nd7 25.Kh1 Kh8 26.Qg1 Nc5 27.Qd1 Nd7  1/2-1/2

[Event "Kuala Lumpur zt"]
[Site "Kuala Lumpur"]
[Date "1990.??.??"]
[Round "?"]
[White "Rogers, Ian"]
[Black "Wang Zili"]
[Result "1/2-1/2"]
[WhiteElo "2515"]
[BlackElo "2525"]

1.e4 c5 2.Nf3 d6 3.Bb5+ Nd7 4.d4 cxd4 5.Qxd4 Nf6 6.Nc3 a6 7.Bxd7+ Nxd7 8.Bg5 f6
9.Be3 Ne5 10.Nxe5 fxe5 11.Qb4 e6 12.Bb6 Qd7 13.Qb3 Qc6 14.O-O Be7 15.a4 Bd7
16.a5 O-O 17.f3 Kh8 18.Rfd1 Rf6 19.Rd3 Raf8 20.Rad1 Qc8 21.Bf2 Rg6 22.Na4 Bc6
23.Nb6 Qb8 24.c4 Qe8 25.Qc2 Rh6 26.b4 Qh5 27.Bg3 Bh4 28.Bxh4 Qxh4 29.g3 Qh5
30.Qg2 Rhf6 31.g4  1/2-1/2

[Event "Kuala Lumpur Interzonal (Women)"]
[Site "Kuala Lumpur"]
[Date "1990.??.??"]
[Round "15"]
[White "Hoiberg, Nina"]
[Black "Litinskaya, Marta I"]
[Result "1-0"]
[WhiteElo "2275"]
[BlackElo "2355"]

1.e4 c5 2.Nf3 d6 3.Bb5+ Nd7 4.O-O a6 5.Bc4 e6 6.a4 Ngf6 7.Qe2 Be7 8.c3 O-O
9.d4 cxd4 10.cxd4 Nxe4 11.Bxa6 bxa6 12.Qxe4 Rb8 13.Nc3 Rb4 14.Qe2 Bb7 15.Rd1 Nf6
16.Ne1 Qa5 17.Nc2 Rb6 18.d5 Bc8 19.b4 Rxb4 20.Nxb4 Qxb4 21.Bd2 Qh4 22.a5 e5
23.Ra4 Qh5 24.Qxh5 Nxh5 25.Rc4 f5 26.Rc7 Re8 27.Rb1 Kf8 28.Rb8 Bd7 29.Rbb7 Bc8
30.Ra7 f4 31.Ra8 Bf5 32.Rxa6 Bd3 33.Raa7 e4 34.a6 Bf6 35.g4 fxg3 36.hxg3 Bd4
37.Rf7+ Kg8 38.Rae7 Bxa6 39.Nxe4 Rb8 40.g4 Rb1+ 41.Kh2 Be5+ 42.f4 Nf6 43.Rxg7+ Kh8
44.fxe5 Nxe4 45.Rxh7+ Kg8 46.Reg7+ Kf8 47.Ra7 Kg8 48.Rhg7+ Kh8 49.Rgd7  1-0

[Event "Kuala Lumpur Interzonal (Women)"]
[Site "Kuala Lumpur"]
[Date "1990.??.??"]
[Round "16"]
[White "Wagner Michel, Annett"]
[Black "Litinskaya, Marta I"]
[Result "1/2-1/2"]
[WhiteElo "2260"]
[BlackElo "2355"]

1.e4 c5 2.Nf3 d6 3.Bb5+ Nc6 4.O-O Bd7 5.Re1 e6 6.Bxc6 Bxc6 7.d4 cxd4 8.Nxd4 Nf6
9.Nc3 Be7 10.b3 O-O 11.Bb2 Rc8 12.Nxc6 Rxc6 13.Nb5 a6 14.Nd4 Rc8 15.c4 Qa5
16.Qe2 Rfd8 17.Rac1 Qg5 18.Kh1 Nh5 19.g3 Nf6 20.f4 Qa5 21.Rf1 Re8 22.g4 Bf8
23.g5 Nd7 24.Rc3 g6 25.Rh3 Bg7 26.Qf2 e5 27.Ne2 Qc7 28.f5 Nf8 29.f6 Bh8 30.Nc3 Ne6
31.Qh4 h5 32.gxh6 Kh7 33.Nd5 Qd8 34.Rg3 b5 35.Qg4 bxc4 36.Ne7 Rxe7 37.fxe7 Qxe7
38.Rgf3 Rf8 39.bxc4 Kxh6 40.Bc1+ Kh7 41.Qh3+ Kg8 42.Qg4 Bg7 43.h4 Nd4 44.Rg3 Qc7
45.Be3 Qxc4 46.Rc1 Qxa2 47.Bxd4 exd4 48.h5 Qd2 49.Rcg1 Qh6 50.Rh3 g5 51.Qxg5 Qxg5
52.Rxg5 Kh7 53.Ra5 Re8 54.Rxa6 Rxe4 55.Rxd6 Be5 56.Rd7 Rf4 57.Re7 Rf5 58.Kg2 Kh6
59.Rf3 Rg5+ 60.Kf2 f6 61.Re6 Kxh5 62.Rfxf6 Bxf6 63.Rxf6  1/2-1/2

[Event "RSFSR-ch"]
[Site "Kuibishev"]
[Date "1990.??.??"]
[Round "?"]
[White "Kharlov, Andrei"]
[Black "Isupov, Vladimir"]
[Result "1/2-1/2"]
[WhiteElo "2425"]
[BlackElo "2315"]

1.e4 c5 2.Nf3 d6 3.Bb5+ Bd7 4.Bxd7+ Qxd7 5.c4 Nc6 6.Nc3 Nf6 7.O-O g6 8.d3 Bg7
9.a3 O-O 10.Rb1 Ne8 11.Bd2 Nc7 12.b4 Ne6 13.Nd5 Ned4 14.Nxd4 Nxd4 15.Bg5 Rae8
16.f4 f6 17.Bh4 e6 18.Nc3 b6 19.Kh1 f5 20.Qd2 Rf7 21.Bf2 Ref8 22.Be3 Qc6
23.Kg1 Bh6 24.Rbe1 Kh8 25.h3 a6 26.bxc5 bxc5 27.Rb1 fxe4 28.dxe4 e5 29.fxe5 Bxe3+
30.Qxe3 Rxf1+ 31.Rxf1 Rxf1+ 32.Kxf1 dxe5 33.Qg5 Qd6 34.Nd5 Kg7 35.h4 h6 36.Qg4 Qe6
37.Qxe6 Nxe6 38.g3 Kf7 39.Ke2 h5 40.Kd3 Ke8 41.Ke3  1/2-1/2

[Event "Leningrad op"]
[Site "Leningrad"]
[Date "1990.??.??"]
[Round "?"]
[White "Ivanov, V."]
[Black "Labutin, Sergey"]
[Result "1/2-1/2"]
[WhiteElo "2295"]
[BlackElo "2360"]

1.e4 c5 2.Nf3 d6 3.Bb5+ Nc6 4.O-O Bd7 5.Re1 a6 6.Bxc6 Bxc6 7.d4 cxd4 8.Qxd4 e6
9.c4 Nf6 10.Nc3 Be7 11.b3 O-O 12.Bb2 b5 13.cxb5 axb5 14.b4 Qb8 15.a3 Rd8
16.Nd2 Rd7 17.Nb3 Bd8 18.Qd3 Qb7 19.Nd4 Rb8 20.a4 bxa4 21.b5 Bxe4 22.Nxe4 e5
23.Nf5 Nxe4 24.Rxe4 Qxb5 25.Qxb5 Rxb5 26.Ba3 Rb6 27.Rxa4 g6 28.Ne3 f5 29.h3 Rc6
30.Rd1 Kf7 31.Nc4 Ke6 32.Rxd6+ Rdxd6 33.Nxd6 Rxd6 34.Bxd6 Kxd6 35.Ra8 Bf6
36.Ra6+ Ke7 37.Ra7+ Kf8 38.Kf1 h5 39.Ke2 e4 40.Ke3 Bg5+ 41.Kd4 Bf6+ 42.Kd5 h4
43.Rb7 Kg8 44.Rd7 Bc3 45.Ke6 Bb2 46.Kd5 Bf6 47.Rc7 Kf8 48.Rb7 Kg8 49.Rb3 Kf7
50.f3 exf3 51.Rb7+ Be7 52.gxf3 Kf6 53.f4 Bf8 54.Ra7 Bh6 55.Ra4 Bf8 56.Ra6+ Kf7
57.Ra7+ Kf6 58.Rc7 Bh6 59.Rc4 Bf8 60.Rc6+ Kf7 61.Rc7+ Kf6 62.Rh7 Bb4  1/2-1/2

[Event "Lombardia op"]
[Site "Lombardia"]
[Date "1990.??.??"]
[Round "?"]
[White "Pozzi, Enrico"]
[Black "Trabattoni, Franco"]
[Result "0-1"]
[WhiteElo "2255"]
[BlackElo "2310"]

1.e4 c5 2.Nf3 d6 3.Bb5+ Nd7 4.O-O Nf6 5.Re1 a6 6.Bf1 g6 7.c3 Bg7 8.d4 O-O
9.a4 b6 10.Nbd2 Bb7 11.Bd3 Qc7 12.Qe2 cxd4 13.cxd4 e5 14.dxe5 dxe5 15.b4 a5
16.bxa5 Rxa5 17.Nc4 Raa8 18.Bb2 Nh5 19.g3 Nc5 20.Qc2 Rfe8 21.Nfd2 Bc6 22.Ne3 Bxa4
23.Rxa4 Rxa4 24.Bb5 Raa8 25.Bxe8 Rxe8 26.Nd5 Qb7 27.Nc4 Re6 28.Ba3 Bf8 29.Rb1 Nd7
30.Bxf8 Kxf8 31.Qb2 Nhf6 32.Qb4+ Kg7 33.Ncxb6 Nxb6 34.Nxb6 Qxe4 35.Qa5 Qxb1+  0-1

[Event "Lloyds Bank op"]
[Site "London"]
[Date "1990.??.??"]
[Round "?"]
[White "Barua, Dibyendu"]
[Black "Coleman, David"]
[Result "1-0"]
[WhiteElo "2490"]
[BlackElo "2240"]

1.e4 c5 2.Nf3 d6 3.Bb5+ Bd7 4.Bxd7+ Qxd7 5.O-O Nc6 6.d3 e6 7.Nc3 Nf6 8.h3 Be7
9.Ne2 h6 10.Bd2 d5 11.e5 Nh7 12.c3 O-O-O 13.d4 Rdg8 14.dxc5 Bxc5 15.b4 Bb6
16.Ned4 Nxd4 17.cxd4 g5 18.a4 g4 19.hxg4 Rxg4 20.Be3 h5 21.g3 Bd8 22.Kg2 Kb8
23.Rh1 Nf8 24.Ne1 Rhg8 25.Rxh5 f6 26.Nd3 Qg7 27.Rh3 Nd7 28.Bf4 fxe5 29.dxe5 Bc7
30.Qe2 Qf7 31.Qf3 Qf5 32.Rah1 Rxf4 33.Nxf4 Nxe5 34.Qe3 Bb6 35.Qe2 Nf7 36.Nd3 Bc7
37.a5 e5 38.Rh5 Qf6 39.Nc5 Qe7 40.Rh7 e4 41.Qh5 Rf8 42.Qxd5 Bd6 43.Rxf7 Qxf7
44.Qxd6+ Ka8 45.Qf4  1-0

[Event "Lloyds Bank op"]
[Site "London"]
[Date "1990.??.??"]
[Round "?"]
[White "Brynell, Stellan"]
[Black "Rogers, Ian"]
[Result "1/2-1/2"]
[WhiteElo "2430"]
[BlackElo "2515"]

1.e4 c5 2.Nf3 d6 3.Bb5+ Nc6 4.O-O Bd7 5.c3 a6 6.Bxc6 Bxc6 7.Re1 Nf6 8.d4 Bxe4
9.Bg5 Bd5 10.Nbd2 c4 11.b3 b5 12.Qe2 Rc8 13.a4 e6 14.axb5 axb5 15.Bxf6 Qxf6
16.Ra5 Be7 17.Rxb5 cxb3 18.c4 Bxf3 19.Nxf3 O-O 20.Rxb3 Qf4 21.Rb7 Bf6 22.Qd3 g6
23.Rb5 Rc7 24.g3 Qh6 25.Rb6 Be7 26.Reb1 Rfc8 27.Rb8 Qf8 28.Rxc8 Qxc8 29.Nd2 Qa6
30.Qe3 Kg7 31.h4 h5 32.Kh2 Qa2 33.Rb5 Ra7 34.Qc3 Ra3 35.Qb2 Bf6 36.Ne4 Qxb2
37.Rxb2 Rd3 38.Nxd6 Bxd4 39.Rb7 Kg8  1/2-1/2

[Event "Los Yebenes"]
[Site "Los Yebenes"]
[Date "1990.??.??"]
[Round "?"]
[White "Galego, Luis"]
[Black "Belotti, Bruno"]
[Result "0-1"]
[WhiteElo "2350"]
[BlackElo "2415"]

1.e4 c5 2.Nf3 d6 3.Bb5+ Bd7 4.c4 Nf6 5.Nc3 e6 6.O-O Be7 7.d4 cxd4 8.Nxd4 O-O
9.Be3 a6 10.Ba4 Bxa4 11.Qxa4 Nbd7 12.Qd1 Rc8 13.b3 b5 14.cxb5 Rxc3 15.Nc6 Rxc6
16.bxc6 Ne5 17.Qc2 Qc7 18.Rac1 Rc8 19.Rfd1 d5 20.exd5 Nxd5 21.Rd4 Ba3 22.Re1 Qxc6
23.Qe4 Bd6 24.f4 f5 25.Qb1 Nxe3  0-1

[Event "Luxembourg op"]
[Site "Luxembourg"]
[Date "1990.??.??"]
[Round "2"]
[White "Velicka, Petr"]
[Black "Magerramov, Elmar"]
[Result "0-1"]
[WhiteElo "2350"]
[BlackElo "2500"]

1.e4 c5 2.Nf3 d6 3.Bb5+ Bd7 4.Bxd7+ Qxd7 5.c4 Nc6 6.d4 cxd4 7.Nxd4 g6 8.Nc3 Bg7
9.Be3 Nf6 10.f3 O-O 11.O-O e6 12.Qd2 Rfd8 13.Rfd1 Qe7 14.Rac1 Rd7 15.Kh1 Rad8
16.Bg5 Nxd4 17.Qxd4 h6 18.Bh4 g5 19.Be1 b6 20.Qd3 Nh5 21.Bd2 Qf6 22.Be3 Nf4
23.Qd2 Ng6 24.b3 Ne5 25.Qe2 Qg6 26.Rc2 f5 27.exf5 Qxf5 28.Nb5 d5 29.Rcd2 Nc6
30.cxd5 Rxd5 31.Rxd5 Rxd5 32.Rxd5 exd5 33.Bg1 Qd7 34.h3 d4 35.Qd3 Ne5 36.Qf1 d3
37.Nd4 Kh8 38.f4 gxf4 39.Qxf4 Qd5 40.Be3 Ng6 41.Qb8+ Kh7 42.Nf3 Qe4 43.Bd2 Qe2
44.Qg3 Ne5 45.Qe1 Qxe1+ 46.Nxe1 Bf6 47.Nf3 Nxf3 48.gxf3 Kg6 49.Kg2 h5 50.Kf2 Bd4+
51.Ke1 Kf5 52.Kd1 Bf6 53.a4 Bg5 54.Be1 Be3 55.Bg3 a6 56.Bc7 Kg5 57.Bg3 b5
58.axb5 axb5 59.Ke1 Bf4 60.Bf2 Bd6 61.Kd2 Kf4 62.Kxd3 Kxf3 63.Be1 Kg2 64.Ke4 Kxh3
65.Kd5 Bg3  0-1

[Event "Lyngby op"]
[Site "Lyngby"]
[Date "1990.??.??"]
[Round "8"]
[White "Martens, Martin"]
[Black "Gross, Stefan"]
[Result "1/2-1/2"]
[WhiteElo "2320"]
[BlackElo "2420"]

1.e4 c5 2.Nf3 d6 3.Bb5+ Bd7 4.Bxd7+ Qxd7 5.c4 Nc6 6.Nc3 Ne5 7.d3 g6 8.Be3 Ng4
9.Bf4 Bg7 10.h3 Ne5 11.Nxe5 dxe5 12.Be3 b6 13.Qa4 Bh6 14.Qxd7+ Kxd7 15.Ke2 Bxe3
16.fxe3 e6 17.Rab1 Ne7 18.b4 Rac8 19.bxc5 Rxc5 20.Nb5 Nc8 21.Rhc1 a6 22.Nc3 Kc7
23.Rb3 Rd8 24.Rcb1 h5 25.g3 Ra5 26.R1b2 Kd6 27.h4 Kd7 28.Rb4  1/2-1/2

[Event "URS-ch U26"]
[Site "Minsk"]
[Date "1990.??.??"]
[Round "?"]
[White "Orlov, Georgi"]
[Black "Khenkin, Igor"]
[Result "1-0"]
[WhiteElo "2505"]
[BlackElo "2450"]

1.e4 c5 2.Nf3 d6 3.Bb5+ Bd7 4.Bxd7+ Nxd7 5.c4 Ne5 6.Nxe5 dxe5 7.Nc3 e6 8.Qa4+ Qd7
9.Nb5 Kd8 10.d3 Bd6 11.b4 cxb4 12.Be3 a6 13.O-O Ne7 14.d4 Rc8 15.dxe5 axb5
16.cxb5 Bxe5 17.Rad1 Bd6 18.Rd2 Rc3 19.Rfd1 Nd5 20.exd5 e5 21.Rd3 Rxd3 22.Rxd3 Ke7
23.Rd1 Rc8 24.h3 Rc3 25.Bd2 Ra3 26.Qc2 Qxb5 27.Qxh7 Qe2 28.Bg5+ Ke8 29.Qg8+ Bf8
30.Rd2 Qb5 31.d6 Rd3 32.Rxd3 Qxd3 33.Be7  1-0

[Event "Miskolc"]
[Site "Miskolc"]
[Date "1990.??.??"]
[Round "7"]
[White "Fette, Martin"]
[Black "Lendwai, Reinhard"]
[Result "1/2-1/2"]
[WhiteElo "2370"]
[BlackElo "2380"]

1.e4 c5 2.Nf3 d6 3.Bb5+ Bd7 4.Bxd7+ Qxd7 5.O-O Nc6 6.c3 Nf6 7.d4 Nxe4 8.d5 Ne5
9.Re1 Nxf3+ 10.Qxf3 Nf6 11.c4 O-O-O 12.b4 e6 13.Qa3 exd5 14.Qxa7 Re8 15.Rxe8+ Qxe8
16.Bd2 Qe2 17.Qa8+ Kc7 18.Qa5+ Kd7 19.Qa4+ Ke6 20.cxd5+ Nxd5 21.bxc5 f5 22.Qb3 dxc5
23.Nc3 Qxd2 24.Nxd5 c4 25.Qxc4 Qxd5 26.Re1+ Kd6 27.Qc8 Qc5 28.Qxb7 Qc3 29.Qb8+ Kd5
30.Qb7+ Kd6 31.Qb8+ Kd7 32.Qe8+ Kc7 33.Rb1 Kd6 34.Rd1+ Kc7 35.Rb1 Kd6  1/2-1/2

[Event "Miskolc"]
[Site "Miskolc"]
[Date "1990.??.??"]
[Round "11"]
[White "Fette, Martin"]
[Black "Ruban, Vadim"]
[Result "1-0"]
[WhiteElo "2370"]
[BlackElo "2555"]

1.e4 c5 2.Nf3 d6 3.Bb5+ Nc6 4.O-O Bd7 5.c3 a6 6.Bxc6 Bxc6 7.Re1 Nf6 8.d4 Bxe4
9.Bg5 Bd5 10.Nbd2 c4 11.b3 b5 12.bxc4 bxc4 13.Nf1 e6 14.Bxf6 gxf6 15.Ne3 Qa5
16.Nd2 Rg8 17.Ndxc4 Bxc4 18.Nxc4 Qg5 19.Qf3 d5 20.h4 Qg4 21.Qxd5 Rd8 22.Qc6+ Ke7
23.Ne3 Qh5 24.Rab1 Bh6 25.Rb7+ Kf8 26.Qc7 Kg7 27.g4 Qg6 28.h5 Qd3 29.Qxf7+ Kh8
30.Qxf6+ Bg7 31.Rxg7  1-0

[Event "Moscow1"]
[Site "Moscow"]
[Date "1990.??.??"]
[Round "?"]
[White "Komliakov, Viktor"]
[Black "Yuferov, Sergey  N"]
[Result "1/2-1/2"]
[WhiteElo "2400"]
[BlackElo "2435"]

1.e4 c5 2.Nf3 d6 3.Bb5+ Bd7 4.Bxd7+ Qxd7 5.c4 Nf6 6.Nc3 Nc6 7.O-O Ne5 8.Nxe5 dxe5
9.d3 e6 10.f4 Bd6 11.f5 O-O-O 12.fxe6 fxe6 13.Bg5 Be7 14.Bxf6 gxf6 15.Rf3 Rhg8
16.Qe2 Rg6 17.Raf1 Rdg8 18.R1f2 Qd8 19.Rh3 R8g7 20.Kf1 Qg8 21.a3 Qd8 22.Qc2 Qa5
23.Qa4 Qxa4 24.Nxa4 Kd7 25.Nc3 a6 26.Ne2 Rf7 27.Ng3 Ke8 28.Ne2 Bd8 29.Rff3 Ba5
30.Nc1 b5 31.Nb3 Bb6 32.Rfg3 Rxg3 33.Rxg3 Kf8 34.Ke2 Rd7 35.Rf3 Kg7 36.Rg3+ Kf7
37.Rh3 Kg6 38.Rg3+ Kf7 39.Rh3  1/2-1/2

[Event "Moscow1"]
[Site "Moscow"]
[Date "1990.??.??"]
[Round "?"]
[White "Komliakov, Viktor"]
[Black "Zhachev, A."]
[Result "0-1"]
[WhiteElo "2400"]
[BlackElo "2410"]

1.e4 c5 2.Nf3 d6 3.Bb5+ Bd7 4.Bxd7+ Qxd7 5.c4 Nf6 6.Nc3 Nc6 7.O-O g6 8.d4 cxd4
9.Nxd4 Bg7 10.Nde2 O-O 11.f3 a6 12.Be3 Na5 13.Qd3 Nc6 14.b3 b5 15.cxb5 Ne5
16.Qd2 axb5 17.Rac1 Qb7 18.Rc2 b4 19.Na4 Rfc8 20.Rfc1 Rxc2 21.Qxc2 Ned7 22.Qc7 Qb5
23.Qc4 Qa5 24.Nd4 d5 25.Qe2 dxe4 26.Nc6 Qh5 27.Nxe7+ Kh8 28.Nc8 Ne5 29.Nab6 Ra5
30.Nd6 h6 31.Nbc4 exf3 32.gxf3 Nxf3+ 33.Kh1 Ra8 34.Rf1 Nh4 35.Nxf7+ Kh7 36.Qxh5 Nxh5
37.Rf2 Nf6 38.Bd4 Nf5 39.Bb6 Nd5 40.Rd2 Nxb6 41.Nxb6 Rf8 42.Rd7 Kg8 43.Nd8 Re8
44.Nd5 Re1+ 45.Kg2 Re2+ 46.Kf1 Rxa2 47.Ne6 Bc3 48.Nef4 g5 49.Nh5 Kf8 50.Nhf6 Ne3+
51.Nxe3 Bxf6 52.h3 Bc3 53.Rd6 h5 54.Rd5 Bf6 55.Rf5 Kf7 56.Nd5 Ke6 57.Rxf6+ Kxd5
58.h4 gxh4 59.Rf4 h3 60.Kg1 Rg2+ 61.Kh1 Rg4 62.Rf3 Ke4 63.Rxh3 h4 64.Kh2 Kd4
65.Rf3 Rg3 66.Rf4+ Kc3 67.Rxh4 Re3 68.Kg2 Kxb3 69.Kf2 Re8  0-1

[Event "Moscow (Women)"]
[Site "Moscow"]
[Date "1990.??.??"]
[Round "?"]
[White "Makarycheva Ostrovskaya, M."]
[Black "Strutinskaya, Galina N"]
[Result "1/2-1/2"]
[WhiteElo "2150"]
[BlackElo "2190"]

1.e4 c5 2.Nf3 d6 3.Bb5+ Nd7 4.O-O Nf6 5.Re1 a6 6.Bxd7+ Bxd7 7.d4 cxd4 8.Qxd4 e5
9.Qd3 h6 10.a4 b5 11.axb5 axb5 12.Rxa8 Qxa8 13.Na3 Qb7 14.c4 b4 15.Nb5 Bxb5
16.cxb5 Be7 17.Bd2 O-O 18.Bxb4 Rb8 19.Bc3 Ne8 20.Nd2 Nc7 21.Nf1  1/2-1/2

[Event "Moscow1"]
[Site "Moscow"]
[Date "1990.??.??"]
[Round "?"]
[White "Komliakov, Viktor"]
[Black "Losev, Dmitry"]
[Result "1-0"]
[WhiteElo "2400"]
[BlackElo "2340"]

1.e4 c5 2.Nf3 d6 3.Bb5+ Nd7 4.O-O Nf6 5.Re1 a6 6.Bf1 b6 7.d4 cxd4 8.Nxd4 Bb7
9.c4 Nxe4 10.f3 e5 11.fxe4 exd4 12.Qxd4 Qh4 13.g3 Qh5 14.Nc3 Ne5 15.Qxb6 Nf3+
16.Kf2 Be7 17.Qxb7 O-O 18.Nd5 Nxe1 19.Nxe7+ Kh8 20.Kxe1 Qxh2 21.Qb6 Qxg3+
22.Qf2 Qe5 23.Nd5 Qxe4+ 24.Kd1 Rae8 25.Bf4 Re6 26.Kd2 Qf5 27.Bd3 Qh5 28.Be3 Rfe8
29.Nf4 Qa5+ 30.Ke2 Rxe3+ 31.Qxe3 Rxe3+ 32.Kxe3 Qe5+ 33.Kf3 g5 34.Ng2 Qxb2
35.Rh1 Qxa2 36.Ne3 Qb3 37.Bxh7 Kg7 38.Bc2 Qc3 39.Rh5 Qe5 40.Nf5+ Kg6 41.Rh6+  1-0

[Event "Goldberg mem"]
[Site "Moscow"]
[Date "1990.??.??"]
[Round "11"]
[White "Kalegin, Evgenij"]
[Black "Yuferov, Sergey  N"]
[Result "1-0"]
[WhiteElo "2380"]
[BlackElo "2435"]

1.e4 c5 2.Nf3 d6 3.Bb5+ Bd7 4.Bxd7+ Qxd7 5.O-O Nc6 6.c3 Nf6 7.d4 Nxe4 8.d5 Nb8
9.Re1 Nf6 10.Bg5 Qf5 11.Bxf6 gxf6 12.Nbd2 Qxd5 13.c4 Qc6 14.Ne4 Kd8 15.b4 cxb4
16.c5 d5 17.Nd4 Qd7 18.c6 bxc6 19.Nc5 Qe8 20.Re6 fxe6 21.Ndxe6+ Kc8 22.Qg4 a5
23.Nxf8+ f5 24.Qxf5+ e6 25.Nfxe6 Nd7 26.Rc1 Ra7 27.Ne4 dxe4 28.Rxc6+ Kb8
29.Qf4+ Ka8 30.Nc7+ Rxc7 31.Qxc7 Nb8 32.Qxa5+ Kb7 33.Rc7+  1-0

[Event "NLD-ch"]
[Site "?"]
[Date "1990.??.??"]
[Round "1"]
[White "Bosboom, Manuel"]
[Black "De Boer, Gert Jan"]
[Result "0-1"]
[WhiteElo "2425"]
[BlackElo "2375"]

1.e4 c5 2.Nf3 d6 3.Bb5+ Bd7 4.Bxd7+ Nxd7 5.O-O Ngf6 6.Re1 e6 7.d4 cxd4 8.Nxd4 a6
9.b3 Be7 10.Bb2 O-O 11.c4 Qb6 12.Nc3 Rfe8 13.Nc2 Rad8 14.Ne3 Nc5 15.Nf1 Qc6
16.Qf3 b5 17.cxb5 axb5 18.Rac1 Qb7 19.b4 Ncd7 20.Qe2 Rb8 21.Nd2 Rec8 22.a3 Ne5
23.Rcd1 Qb6 24.h3 Nfd7 25.Kh1 Bg5 26.Ba1 h6 27.Rf1 Bf4 28.Nb3 Nc4 29.Rd3 Ra8
30.Nb1 Be5 31.Nd4 Qb7 32.f4 Bxd4 33.Bxd4 e5 34.Ba1 Nf6 35.fxe5 Qxe4 36.Qxe4 Nxe4
37.exd6 Ncxd6 38.Bd4 Nc4 39.Rf4 Ng5 40.Rf5 Rd8 41.Nd2 Nxd2 42.Rxd2 Ne4  0-1

[Event "NOR-ch"]
[Site "NOR"]
[Date "1990.??.??"]
[Round "6"]
[White "Djurhuus, Rune"]
[Black "Tisdall, Jonathan D"]
[Result "1-0"]
[WhiteElo "2405"]
[BlackElo "2425"]

1.e4 c5 2.Nf3 d6 3.Bb5+ Bd7 4.Bxd7+ Qxd7 5.O-O Nc6 6.c3 Nf6 7.d4 cxd4 8.cxd4 d5
9.e5 Ne4 10.Ne1 f6 11.Nd3 e6 12.f3 Ng5 13.Be3 Be7 14.exf6 Bxf6 15.Bxg5 Bxg5
16.Nc5 Qd6 17.Re1 Nd8 18.f4 Bxf4 19.Qh5+ g6 20.Qh4 O-O 21.g3 e5 22.gxf4 Rxf4
23.Qg3 Nf7 24.Nd3 Rxd4 25.Nc3 Qb6 26.Kh1 e4 27.Nf4 Rd8 28.Rad1 Rxd1 29.Rxd1 d4
30.Nxe4 Qc6 31.Qg2 Ne5 32.Ng5 Qa4 33.b3 Qb4 34.Nge6 Rd6 35.Qe4 Ng4 36.Nd3 Qb6
37.Re1 Ne3 38.Nxd4 Rxd4 39.Qe8+ Kg7 40.Rxe3  1-0

[Event "Novi Sad ol (Men)"]
[Site "Novi Sad"]
[Date "1990.??.??"]
[Round "?"]
[White "Speelman, Jonathan S"]
[Black "Petursson, Margeir"]
[Result "1-0"]
[WhiteElo "2605"]
[BlackElo "2550"]

1.e4 c5 2.Nf3 d6 3.Bb5+ Bd7 4.Bxd7+ Nxd7 5.O-O Ngf6 6.Re1 e6 7.d3 Be7 8.Nbd2 O-O
9.h3 b5 10.Nf1 c4 11.Ng3 cxd3 12.cxd3 Ne5 13.d4 Nxf3+ 14.Qxf3 d5 15.e5 Nd7
16.Nh5 Kh8 17.Qg4 Rg8 18.Bd2 Nb6 19.b3 Rc8 20.Rac1 Ba3 21.Bg5 Rxc1 22.Bxc1 Be7
23.Be3 Nd7 24.Rc1 a5 25.g3 a4 26.h4 axb3 27.axb3 Qb6 28.Nf4 Rd8 29.Nh3 Ra8
30.Ng5 Bxg5 31.Qxg5 Kg8 32.Qe7 Qb7 33.Bd2 Rc8 34.Ra1 Nc5 35.Qxb7 Nxb7 36.Bb4 f6
37.f4 fxe5 38.fxe5 Kf7 39.Ra7 Rc7 40.g4 Kg6 41.Kg2 h5 42.Kg3 Rf7 43.Ra6 Rf1
44.Rxe6+ Kf7  1-0

[Event "Novi Sad ol (Men)"]
[Site "Novi Sad"]
[Date "1990.??.??"]
[Round "9"]
[White "Georgiev, Krum"]
[Black "Gruenberg, Hans Ulrich"]
[Result "1/2-1/2"]
[WhiteElo "2470"]
[BlackElo "2500"]

1.e4 c5 2.Nf3 d6 3.Bb5+ Bd7 4.Bxd7+ Nxd7 5.O-O Ngf6 6.Re1 e6 7.b3 Be7 8.Bb2 O-O
9.c4 a6 10.d4 cxd4 11.Nxd4 Qc7 12.Nc3 Rac8 13.Qf3 Rfd8 14.Rad1 Nf8 15.Rd2  1/2-1/2

[Event "Novi Sad ol (Men)"]
[Site "Novi Sad"]
[Date "1990.??.??"]
[Round "9"]
[White "Torre, Eugenio"]
[Black "Wojtkiewicz, Aleksander"]
[Result "1/2-1/2"]
[WhiteElo "2530"]
[BlackElo "2515"]

1.e4 c5 2.Nf3 d6 3.Bb5+ Bd7 4.Bxd7+ Nxd7 5.O-O Ngf6 6.Qe2 e6 7.d4 cxd4 8.Nxd4 Be7
9.c4 O-O 10.Nc3 a6 11.b3 Qa5 12.Bd2 Qh5 13.Qxh5 Nxh5 14.Rfd1 Nhf6 15.Kf1 Rfd8
16.f3 Rac8  1/2-1/2

[Event "Novi Sad ol (Men)"]
[Site "Novi Sad"]
[Date "1990.??.??"]
[Round "12"]
[White "Nishimura, Hiroyuki"]
[Black "Mirza, Shahzad"]
[Result "1-0"]
[WhiteElo "2205"]
[BlackElo "2275"]

1.e4 c5 2.Nf3 d6 3.Bb5+ Nc6 4.d4 cxd4 5.Qxd4 Bd7 6.Bxc6 Bxc6 7.O-O Nf6 8.Re1 g6
9.c4 Bg7 10.Nc3 O-O 11.Qd3 a6 12.Bg5 Re8 13.Nd5 Nd7 14.Qd2 Nc5 15.Rad1 Ne6
16.Bh6 Bh8 17.Ng5 b5 18.cxb5 axb5 19.Nxe6 fxe6 20.Nb4 Qb6 21.Qc2 Rac8 22.Qb3 Bd7
23.e5 Bg7 24.Bxg7 Kxg7 25.Qd3 d5 26.Qd4 Qxd4 27.Rxd4 Rc4 28.Red1 Rec8 29.Kf1 g5
30.Ke2 Be8 31.g4 Bg6 32.a3 h5 33.h3 hxg4 34.hxg4 Rh8 35.Rxc4 bxc4 36.Nc6 Kf7
37.Nd4 Be4 38.Ke3 Rb8 39.Rd2 Rb6 40.f3 Bd3 41.Rh2 Ra6 42.Kd2 Ra8 43.Kc3 Bg6
44.Nb5 Rb8 45.a4 Kg7 46.Nd4 Rb6 47.a5 Ra6 48.Kb4 Be8 49.Rh1 Bd7 50.Rh5 Be8
51.Rxg5+ Kh7 52.f4 Bd7 53.Rh5+ Kg7 54.Rh1 Ra8 55.Ra1 Bc8 56.Kc5 Rb8 57.Ra2 Kf7
58.a6 Bxa6 59.Rxa6 Rxb2 60.Rxe6 Rf2 61.f5 Rf4 62.Rg6 c3 63.Ne6 c2 64.Rg7+  1-0

[Event "Nuremberg op"]
[Site "Nuremberg"]
[Date "1990.??.??"]
[Round "6"]
[White "Singer, Christoph"]
[Black "Kluss, Kai"]
[Result "1-0"]
[WhiteElo "2315"]
[BlackElo "2210"]

1.e4 c5 2.Nf3 d6 3.Bb5+ Nc6 4.d4 cxd4 5.Qxd4 Bd7 6.Bxc6 Bxc6 7.Nc3 e6 8.Bg5 Nf6
9.O-O-O Be7 10.Kb1 Qc7 11.Rhe1 O-O 12.Qd2 Rfd8 13.Nd4 a6 14.f3 b5 15.Nce2 a5
16.g4 b4 17.Ng3 a4 18.Nh5 b3 19.cxb3 axb3 20.a3 Bb7 21.Rc1 Qa5 22.Qxa5 Rxa5
23.Bxf6 Bxf6 24.Nxf6+ gxf6 25.Nxb3 Ra4 26.Red1 Rb8 27.Rc3 Ra6 28.Nd4 d5 29.exd5 Bxd5
30.b4 Rd8 31.Nb5 Ba2+ 32.Kc1 Rb8 33.Nc7 Ra7 34.Kb2 Rc8 35.Rd7  1-0

[Event "Oakham"]
[Site "Oakham"]
[Date "1990.??.??"]
[Round "?"]
[White "Ulibin, Mikhail"]
[Black "Badea, Bela"]
[Result "1-0"]
[WhiteElo "2500"]
[BlackElo "2495"]

1.e4 c5 2.Nf3 d6 3.Bb5+ Bd7 4.Bxd7+ Qxd7 5.O-O Nc6 6.c3 Nf6 7.d4 cxd4 8.cxd4 Nxe4
9.d5 Ne5 10.Re1 Nf6 11.Nxe5 dxe5 12.Rxe5 e6 13.Nc3 Bd6 14.dxe6 fxe6 15.Re2 O-O
16.Bg5 Qc6 17.Qb3 Rae8 18.Rae1 Ng4 19.h3 Nxf2 20.Rxf2 Bh2+ 21.Kxh2 Rxf2 22.Ne4 Rff8
23.Qg3 e5 24.Qg4 Qg6 25.Qd7 h6 26.Bd2 Qa6 27.Bb4 Rd8 28.Qc7 Rc8 29.Qxe5 Rfe8
30.Be7 Qg6 31.Nd6 Rc2 32.Qd5+ Kh8 33.Nxe8 Qxe8 34.Qxb7 Qg6 35.Re3 Rf2 36.Rg3 Qf7
37.Qxa7 Rxb2 38.Qa8+ Kh7 39.Qe4+ Kh8 40.Rf3  1-0

[Event "Oakham"]
[Site "Oakham"]
[Date "1990.??.??"]
[Round "?"]
[White "Quillan, Gary"]
[Black "Stratil, Ladislav Jr"]
[Result "0-1"]
[WhiteElo "2290"]
[BlackElo "2380"]

1.e4 c5 2.Nf3 d6 3.Bb5+ Bd7 4.Bxd7+ Qxd7 5.c4 Qg4 6.O-O Qxe4 7.d4 Qc6 8.d5 Qd7
9.Re1 Na6 10.Nc3 g6 11.Bf4 Bg7 12.Nb5 Kf8 13.Re2 Nc7 14.Nxc7 Qxc7 15.Qd2 h6
16.Rae1 Bf6 17.h4 Qd7 18.h5 gxh5 19.Bg3 Rh7 20.Re4 Rg7 21.Nh2 Rg6 22.Qe2 Qf5
23.b3 a5 24.a4 b6 25.Qd1 h4 26.Bxh4 Bxh4 27.Rxh4 Nf6 28.Qe2 Qg5 29.g3 Qxh4
30.Qxe7+ Kg7 31.Qxd6 Qh5 32.Qc7 Re8 33.Re6 Qf5  0-1

[Event "URS-chT"]
[Site "Podolsk"]
[Date "1990.??.??"]
[Round "?"]
[White "Milov, Leonid"]
[Black "Petrosian, Arshak B"]
[Result "1-0"]
[WhiteElo "2300"]
[BlackElo "2480"]

1.e4 c5 2.Nf3 d6 3.Bb5+ Nd7 4.d4 cxd4 5.Qxd4 Nf6 6.Nc3 a6 7.Bxd7+ Bxd7 8.Bg5 Qa5
9.O-O Bg4 10.b4 Qd8 11.Nd2 Rc8 12.Nd5 e5 13.Qd3 Be7 14.Bxf6 Bxf6 15.Nc4 Bg5
16.Nde3 d5 17.Nxe5 Be6 18.f4 dxe4 19.Qxe4 f5 20.Nxf5 O-O 21.Ne3 Bf6 22.c4 Re8
23.Rad1 Qc7 24.Nd5 Qd8 25.Rd3 Bxd5 26.Rxd5 Qb6+ 27.c5 Qe6 28.Rdd1 Rc7 29.a3 Rce7
30.Rd5 Qc8 31.Qc4  1-0